• 首页
  • 本馆介绍
  • 公告通知
  • 最新文献
  • 馆藏检索
  • 电子资源
  • 读者导购
  • 参考咨询
  • 我的图书馆
  • 登录
  • 详细信息显示
  • 放入我的书架
  • 预约/预借图书
  • 作者相关作品
  • 分类相关作品
  • 丛书相关作品
  • 出版社相关作品

书目信息

  • 表格格式
  • 工作单格式
  • 卡片格式
题名:
古建筑日读
    
 
作者: 王其钧 著
分册:  
出版信息: 北京   中华书局  2017.04
页数: 399页
开本: 20cm
丛书名:
单 册:
中图分类: TU-092.2
科图分类:
主题词: 古建筑--基本知识--中国
电子资源:
ISBN: 978-7-101-12426-2
000 00945nam0 2200265 450
001 0120172209084
005 20170908092507.23
010    @a978-7-101-12426-2@dCNY68.00
100    @a20170622d2017 em y0chiy50 ea
101 0  @achi
102    @aCN@b110000
105    @aa z 000yy
106    @ar
200 1  @a古建筑日读@9gu jian zhu ri du@e每天学点古建筑知识
210    @a北京@c中华书局@d2017.04
215    @a399页@c图@d20cm
314    @a版权页题:王其钧著
330    @a本书在出版形式上主要采取“日课”的形式,即一日一课,将系统的古建筑知识进行拆分,读者每日读一篇图文结合的小文章并从中了解一点古建筑方面的基础知识。内容包括:建筑实例;建筑元素;民居;园林。
333    @a古建筑爱好者
517 1  @a每天学点古建筑知识@9mei tian xue dian gu jian zhu zhi shi
606 0  @a古建筑@x基本知识@y中国
690    @aTU-092.2@v5
701  0 @a王其钧@9wang qi jun@4著
801  0 @aCN@b人天书店@c20170622
905    @b994668-73@dTU-092.2@e144@f6
    
    古建筑日读:每天学点古建筑知识.-北京:中华书局,2017.04
    399页:图;20cm
    使用对象:古建筑爱好者
    
    ISBN 978-7-101-12426-2:CNY68.00
    本书在出版形式上主要采取“日课”的形式,即一日一课,将系统的古建筑知识进行拆分,读者每日读一篇图文结合的小文章并从中了解一点古建筑方面的基础知识。内容包括:建筑实例;建筑元素;民居;园林。
●
相关链接 在E读中查询图书 在五车中查询图书 在当当中查询图书 在豆瓣中查询图书


正题名:古建筑日读     索取号:TU-092.2/144         预约/预借

序号 登录号 条形码 馆藏地/架位号 状态 备注
1 994668   209946683   第二样本阅览室/ [索取号:TU-092.2/144] 在馆    
2 994669   209946692   第三借阅区/ [索取号:TU-092.2/144] 在馆    
3 994670   209946709   第三借阅区/ [索取号:TU-092.2/144] 在馆    
4 994671   209946718   第三借阅区/ [索取号:TU-092.2/144] 在馆    
5 994672   209946727   第三借阅区/ [索取号:TU-092.2/144] 在馆    
6 994673   209946736   第三借阅区/ [索取号:TU-092.2/144] 在馆    
唐山师范学院图书馆 欢迎您!
大连网信软件有限公司© 版权所有